Регионална библиотека "Любен Каравелов" - Русе

Българската литература за матура (Запис номер 79343)

MARC детайли
000 -Лидер
Контролно поле с фиксирана дължина 01777nam a2200361 c 4500
003 - Код на организацията, давaща контролен номер
Контролно поле BLK
005 - Дата и час на последна редакция
Контролно поле 20240502150728.0
008 - Елементи от данни с фиксирана дължина
fixed length control field 180408b bul|||||r ||||||| ||bul||
010 ## - Наследен системен номер
LC control number KNG00083817000
020 ## - Международен стандартен номер на книга ISBN
Международен стандартен номер на книга ISBN 978-954-771-168-6
-- издат.: Кръгозор
040 ## - Източник на каталожния запис
Идентификатор на билиотеката - собственик на записа BLK
041 ## - Код за език
Код за езика на текст/звукозапис или на отделно заглавие Български
Код за езика КДБФ Български
080 ## - УДК
Текстов определител УДК Българска литература
УДК код - определител по УДК 821.163.2
УДК определител (075.3)
УДК - код + определител 821.163.2(075.3)
100 1# - Редна дума - Автор
Автор Тодорова, София Йосифова
Авторска отговорност първи автор
R(LIN) 372204
139 ## - Редно поле
Редна дума Тодорова, София Йосифова и др.
Авторски знак Тодо - Т 64
245 10 - Сведения за заглавието
Заглавие Българската литература за матура
Подзаглавни данни От Христо Ботев до Димитър Талев : Интерпретации на всички худож. текстове от уч.-изпитната програма по бълг. ез. и лит.
Редно поле (дума) София Йосифова Тодорова; съавт. Иван Велчев Велчев.
257 ## - Страна на издаване
Страна на създаване/издаване България
260 ## - Област на издателските данни
-- София
Име на издателя, разпространителя и проч. Кръгозор
Година на издаване 2008
Печатница София : печ. Вулкан
300 ## - Физическа характеристика
Страници 360 с.
Размери/Мащаб 21 см
380 ## - Жанр
Жанр Литературознание
490 1# - СЕРИИ (Колекции)
Име на серия Успешна матура : Стъпка по стъпка
№: серия 4
650 #4 - Допълнително описание по предмет – тема
Основно описание – тема или топоним Българска литература - теми, образи, сюжети - учебни помагала
9 (RLIN) 250537
653 ## - Ключова дума – ненормативна
Ключова дума българска литература
653 ## - Ключова дума – ненормативна
Ключова дума зрелостни изпити
653 ## - Ключова дума – ненормативна
Ключова дума матури
700 1# - Други автори (авторска отговорност)
Лично име Велчев, Иван Велчев
Автороска отговорност (Описва отношението между автора и произведението) съавт.
9 (RLIN) 272020
852 ## - Местоположение
Форматна сигнатура Цб 239878
856 4# - Електронен адрес и достъп
Електронен формат pdf - файл
Път до файла /url/
856 4# - Електронен адрес и достъп
Електронен формат pdf - файл
Път до файла /url/
942 ## - АРТИКУЛИ
Вид на библиотечния материал Книги
Скрит в OPAC Не
Koha issues (borrowed), all copies 11
944 ## - СЪЗДАВАНЕ И РЕДАКЦИЯ на ЗАПИСА
Създаване/Редакция Създаване
Дата на регистрацията/редакция 20.05.2008
Статус, дата на статуса Галина Якимова
Служител, извършил регистрацията/редакцията 30564
944 ## - СЪЗДАВАНЕ И РЕДАКЦИЯ на ЗАПИСА
Създаване/Редакция Редакция
Дата на регистрацията/редакция 28.12.2015
Статус, дата на статуса ф /
Служител, извършил регистрацията/редакцията Виолета_Тройчева
999 ## - СИСТЕМНИ КОНТРОЛНИ НОМЕРА
Koha biblionumber 79343
Koha biblioitemnumber 79343
Наличности
Код за отписване Код за изгубен артикул Източник на класификационната схема Код за повреда Коз за рестрикции Код за отдаване Артикулен № Име на библиотеката - собственик Име на библиотеката, в която се намира в момента Статус (Текущо местоположение) Дата на вписване в системата Местоположение - отдел Цена в лева Инвентарен номер Систематично азбучна сигнатура Баркод Номер на екземпляра Цена в евро Служебна бележка Служебен тип на артикула
  Не е изгубен Universal Decimal Classification Не е повреден без рестрикции заемане за дома 128415 Регионална библиотека "Любен Каравелов" Русе Регионална библиотека "Любен Каравелов" Русе Заемна - подръчен фонд 2008-05-20 Заемна - подръчен фонд 10.00 120000726427 821.163.2.09/Т 64 С 120000726427 1 5.11 Дост: Pk Вид: Ф N: 3674 Дата: 14.05.2008 Дата инв: 07.02.2018 Бележки инв: П2018 Книги
  Не е изгубен Universal Decimal Classification Не е повреден без рестрикции заемане за дома 128416 Регионална библиотека "Любен Каравелов" Русе Регионална библиотека "Любен Каравелов" Русе Заемна - подръчен фонд 2008-05-20 Заемна - подръчен фонд 10.00 120000726428 821.163.2.09/Т 64 С 120000726428 2 5.11 Дост: Pk Вид: Ф N: 3674 Дата: 14.05.2008 Дата инв: 15.02.2018 Бележки инв: П2018 Книги
Изтеглен Не е изгубен Universal Decimal Classification Не е повреден без рестрикции заемане за дома 128417 Регионална библиотека "Любен Каравелов" Русе Регионална библиотека "Любен Каравелов" Русе Заемна - подръчен фонд 2008-12-02 Заемна - подръчен фонд 10.00 120000731818 821.163.2.09/Т 64 С 120000731818 3 5.11 Дост: Pk Вид: Ф N: 268 Дата: 02.12.2008 Дата инв: 07.02.2018 Бележки инв: П2018 Книги
  Не е изгубен   Не е повреден без рестрикции ползва се в читалня 128418 Регионална библиотека "Любен Каравелов" Русе Регионална библиотека "Любен Каравелов" Русе Хранилище 2010-09-02 Хранилище 10.00 120000745416 Цб 239878 120000745416 4 5.11 Дост: Dp Вид: Д N: 50 Дата: 02.12.2009 Книги
  Не е изгубен Universal Decimal Classification Не е повреден без рестрикции заемане за дома 128419 Регионална библиотека "Любен Каравелов" Русе Регионална библиотека "Любен Каравелов" Русе Заемна - подръчен фонд 2015-12-28 Заемна - подръчен фонд 10.00 120000796306 821.163.2.09/Т 64 С 120000796306 5 5.11 Дост: DA Вид: А N: 27 Дата: 28.12.2015 Дата инв: 07.02.2018 Бележки инв: П2018 Книги
Vip Innovations Ltd, Rousse, Bulgaria 2025